|
|
|
|
| LEADER |
00000nam0a2200000 4500 |
| 001 |
294785 |
| 005 |
20231102000735.0 |
| 020 |
|
|
|a RU
|b 83-7642
|
| 035 |
|
|
|a (RuTPU)RU\TPU\book\319859
|
| 090 |
|
|
|a 294785
|
| 100 |
|
|
|a 20150516d1983 km y0rusy5003 ca
|
| 101 |
1 |
|
|a rus
|c jpn
|
| 102 |
|
|
|a RU
|
| 105 |
|
|
|a y z 001zy
|
| 200 |
1 |
|
|a Локальная теория полей классов
|f К. Ивасава
|g пер. с яп. А. А. Бельского
|
| 210 |
|
|
|a Москва
|c Мир
|d 1983
|
| 215 |
|
|
|a 183 с.
|
| 320 |
|
|
|a Библиогр.: с. 181
|
| 320 |
|
|
|a Предм. указ.: с. 182
|
| 606 |
1 |
|
|a Алгебраические поля
|x (теория чисел)
|2 stltpush
|3 (RuTPU)RU\TPU\subj\65968
|9 82274
|
| 610 |
1 |
|
|a поле
|
| 610 |
1 |
|
|a теория
|
| 610 |
1 |
|
|a классы
|
| 610 |
1 |
|
|a локальные поля
|
| 610 |
1 |
|
|a абелевы алгебры
|
| 610 |
1 |
|
|a абелево расширение
|
| 610 |
1 |
|
|a отображения
|
| 610 |
1 |
|
|a теоремы
|
| 610 |
1 |
|
|a круги
|
| 610 |
1 |
|
|a деление
|
| 610 |
1 |
|
|a группа Брауэра
|
| 675 |
|
|
|a 511.6
|z rus
|v 3
|
| 700 |
|
1 |
|a Ивасава
|g Кэнкити
|4 070
|
| 702 |
|
1 |
|a Венков
|b Б. Б.
|4 340
|
| 702 |
|
1 |
|a Бельский
|b А. А.
|4 730
|
| 801 |
|
0 |
|a RU
|b RuMRKP
|c 19950704
|g psbo
|
| 801 |
|
1 |
|a RU
|b 63413507
|c 20150516
|
| 801 |
|
2 |
|a RU
|b 63413507
|c 20190305
|g RCR
|
| 942 |
|
|
|c BK
|